Powiaty województwa pomorskiego z mapą - Statystyki

Ogólne statystyki
  • Ten quiz został rozwiązany 37 192 razy
  • Średni wynik to 13 z 20
Odpowiedzi na mapie
Odpowiedzi zakodowano w zielono-czerwonej skali na mapie do tego quizu, zgodnie z poniższymi procentami.
 
Statystyki odpowiedzi
Powiaty % Poprawnych
Gdańsk
99%
Gdynia
96%
Sopot
94%
Słupsk
84%
słupski
79%
wejherowski
75%
pucki
72%
gdański
71%
malborski
69%
tczewski
68%
chojnicki
61%
lęborski
60%
starogardzki
57%
bytowski
56%
kartuski
56%
nowodworski
53%
kwidzyński
50%
kościerski
47%
człuchowski
45%
sztumski
44%
Nie znaleziono quizów pasujących do podanych kryteriów
Rozkład punktacji
Procent ludzi z każdym wynikiem
Percentyl według liczby udzielonych odpowiedzi
Twoja historia wyników
Nie rozwiązałeś tego quizu